[Event "TUR Cup"]
[Site "Denizli"]
[Date "2023.07.21"]
[Round "8"]
[White "Inan, Canberk"]
[Black "Saka, Omer"]
[Result "1/2-1/2"]
[WhiteElo "1937"]
[BlackElo "1823"]
[PlyCount "177"]
[EventDate "2023.07.16"]
[EventType "team-tourn"]
[EventRounds "9"]
[EventCountry "TUR"]
[SourceTitle "CBM 215 Extra"]
[Source "ChessBase"]
[SourceDate "2023.09.30"]
[SourceVersion "1"]
[SourceVersionDate "2023.09.30"]
[SourceQuality "1"]

1. d4 d5 2. c4 e6 3. Nc3 Nf6 4. Nf3 Be7 5. Bg5 Nbd7 6. e3 c6 7. Qc2 0-0 8. Bd3 h6 9. Bh4 dxc4 10. Bxc4 b5 11. Bd3 Bb7 12. 0-0 a6 13. Bxf6 Bxf6 14. Rfd1 Qb6 15. Ne4 Be7 16. Rac1 Rfc8 17. Nc5 Nxc5 18. dxc5 Qc7 19. Nd4 Rd8 20. Be4 e5 21. Nf5 Bf8 22. g3 Rxd1+ 23. Rxd1 Rd8 24. b4 g6 25. Nh4 Rxd1+ 26. Qxd1 Be7 27. Nf3 a5 28. bxa5 Bxc5 29. Qb3 Kg7 30. a4 Ba6 31. Qc3 Bd6 32. Qxc6 Qxc6 33. Bxc6 bxa4 34. Bxa4 f6 35. Bc2 g5 36. Nd2 Bb4 37. Nb3 Bc4 38. Kg2 g4 39. h3 h5 40. hxg4 hxg4 41. Nc1 Bxa5 42. Bf5 Kh6 43. Bc2 Kg5 44. Nd3 Bd5+ 45. Kf1 Bc3 46. Nc5 f5 47. Bb3 Bc6 48. e4 fxe4 49. Ba4 Bxa4 50. Nxe4+ Kf5 51. Nxc3 Bc6 52. Ke2 Bf3+ 53. Ke3 Bc6 54. Kd3 Ke6 55. Nd1 Bf3 56. Ne3 Kd6 57. Kc4 Be2+ 58. Kb4 Kc6 59. Kc3 Kc5 60. Kd2 Bf3 61. Nf5 Kd5 62. Ke3 Ke6 63. Nh4 Bd5 64. Ng6 Kf6 65. Nh4 Ke6 66. Kd3 Kf6 67. Kc3 Ke6 68. Kb4 Bc6 69. Kc5 Be4 70. Kc4 Kd6 71. Kc3 Kc5 72. Kd2 Kc4 73. Ke3 Kd5 74. f3 Bxf3 75. Nxf3 gxf3 76. Kxf3 e4+ 77. Ke3 Ke5 78. g4 Kf6 79. Kxe4 Kg5 80. Kf3 Kg6 81. Kf4 Kf6 82. g5+ Kg6 83. Kg4 Kg7 84. Kh5 Kh7 85. g6+ Kg7 86. Kg5 Kg8 87. Kh6 Kh8 88. g7+ Kg8 89. Kg6 1/2-1/2

[Event "TUR Cup"]
[Site "Denizli"]
[Date "2023.07.20"]
[Round "7"]
[White "Saka, Omer"]
[Black "Yildirim, Berkan"]
[Result "1/2-1/2"]
[WhiteElo "1823"]
[BlackElo "1601"]
[PlyCount "86"]
[EventDate "2023.07.16"]
[EventType "team-tourn"]
[EventRounds "9"]
[EventCountry "TUR"]
[SourceTitle "CBM 215 Extra"]
[Source "ChessBase"]
[SourceDate "2023.09.30"]
[SourceVersion "1"]
[SourceVersionDate "2023.09.30"]
[SourceQuality "1"]

1. d4 Nf6 2. c4 d6 3. Nc3 g6 4. Nf3 Bg7 5. h3 0-0 6. Bf4 Nbd7 7. e3 c6 8. Be2 Qb6 9. Qc2 Re8 10. 0-0 e5 11. Bh2 exd4 12. Nxd4 Ne5 13. Rfd1 Be6 14. Nxe6 Rxe6 15. a3 a5 16. Rab1 Rd8 17. b4 axb4 18. axb4 Ree8 19. c5 dxc5 20. Na4 Rxd1+ 21. Qxd1 Qc7 22. bxc5 Nd5 23. e4 Nf6 24. Qc2 Qa5 25. Bg3 Ned7 26. f3 Ra8 27. Nb6 Nxb6 28. Rxb6 Nd7 29. Rxb7 Nxc5 30. Rb1 Bd4+ 31. Kh2 Qa2 32. Qxa2 Rxa2 33. Rd1 Ne6 34. Bc4 Ra1 35. Rxa1 Bxa1 36. Bd6 Nd8 37. Kg3 Nb7 38. Ba3 Bd4 39. Ba2 c5 40. Bd5 Nd6 41. f4 Nb5 42. Bc1 Nc3 43. Kf3 Kf8 1/2-1/2

[Event "TUR Cup"]
[Site "Denizli"]
[Date "2023.07.18"]
[Round "4"]
[White "Aydin, Bilal"]
[Black "Saka, Omer"]
[Result "0-1"]
[WhiteElo "1432"]
[BlackElo "1823"]
[PlyCount "99"]
[EventDate "2023.07.16"]
[EventType "team-tourn"]
[EventRounds "9"]
[EventCountry "TUR"]
[SourceTitle "CBM 215 Extra"]
[Source "ChessBase"]
[SourceDate "2023.09.30"]
[SourceVersion "1"]
[SourceVersionDate "2023.09.30"]
[SourceQuality "1"]

1. e4 c5 2. Nf3 d6 3. d4 cxd4 4. Nxd4 Nf6 5. Nc3 a6 6. a4 b6 7. g3 Bb7 8. Bg2 g6 9. 0-0 Qc7 10. Qe2 Bg7 11. Be3 0-0 12. f4 Nbd7 13. Nb3 Rac8 14. Rac1 Qb8 15. h3 Qa8 16. Bf2 Rc7 17. Rfe1 Rfc8 18. Bd4 Rc4 19. Qf2 Nh5 20. Bxg7 Kxg7 21. Nd2 R4c7 22. g4 Nhf6 23. e5 Ne8 24. exd6 Nxd6 25. Qd4+ Kg8 26. Bxb7 Qxb7 27. Nd5 Nc5 28. Nxc7 Qxc7 29. Qe3 Ne6 30. Ne4 Nc4 31. Qf2 Nxf4 32. Qf3 Nxb2 33. Rf1 e5 34. Nf6+ Kg7 35. g5 Nxa4 36. Ra1 Qxc2 37. Rac1 Qf5 38. Rxc8 Qxc8 39. Kh2 Nc5 40. Qg4 Qxg4 41. hxg4 Nfe6 42. Kg3 Nxg5 43. Ne8+ Kf8 44. Nd6 Nge4+ 45. Nxe4 Nxe4+ 46. Kh4 f6 47. Ra1 Nc5 48. Rb1 Nd7 49. Kg3 Ke7 50. Rh1 0-1

[Event "TUR Cup"]
[Site "Denizli"]
[Date "2023.07.17"]
[Round "2"]
[White "Taze, Bulent"]
[Black "Saka, Omer"]
[Result "0-1"]
[WhiteElo "1666"]
[BlackElo "1823"]
[PlyCount "110"]
[EventDate "2023.07.16"]
[EventType "team-tourn"]
[EventRounds "9"]
[EventCountry "TUR"]
[SourceTitle "CBM 215 Extra"]
[Source "ChessBase"]
[SourceDate "2023.09.30"]
[SourceVersion "1"]
[SourceVersionDate "2023.09.30"]
[SourceQuality "1"]

1. d4 d5 2. c4 e6 3. Nc3 c6 4. e3 Nf6 5. Nf3 Nbd7 6. Bd3 dxc4 7. Bxc4 b5 8. Bd3 Bb7 9. 0-0 a6 10. e4 b4 11. Na4 Be7 12. Qe2 c5 13. Nxc5 Nxc5 14. dxc5 Bxc5 15. b3 Qe7 16. Bb2 0-0 17. Rac1 Rfc8 18. h3 a5 19. Bd4 Bxd4 20. Nxd4 Qd8 21. Nb5 Ba6 22. Rxc8 Rxc8 23. Rd1 Bxb5 24. Bxb5 Qb6 25. e5 Nd5 26. Bd3 g6 27. Re1 Qd4 28. Bc4 Nc3 29. Qf3 Rd8 30. Qf6 Qb6 31. Re3 Rd1+ 32. Kh2 Qd8 33. Qxd8+ Rxd8 34. a4 Kf8 35. Kg3 Ke7 36. Kf3 Rc8 37. Ba6 Rc5 38. Bf1 h6 39. g3 Kd7 40. Kg2 Nd5 41. Bb5+ Rxb5 42. Rf3 Rb7 43. Rxf7+ Kc6 44. Rf8 Kc5 45. Ra8 Kd4 46. Rxa5 Kc3 47. Ra6 Kxb3 48. Rxe6 Kxa4 49. Rd6 Nc3 50. Rd4 Kb3 51. Rd2 Kc4 52. e6 Re7 53. Rd6 b3 54. Rb6 Nb5 55. Rc6+ Kb4 0-1

[Event "TUR-ch U20"]
[Site "Samsun"]
[Date "2023.05.25"]
[Round "9"]
[White "Zengin, Ovgu"]
[Black "Saka, Omer"]
[Result "0-1"]
[WhiteElo "1528"]
[BlackElo "1843"]
[PlyCount "120"]
[EventDate "2023.05.19"]
[EventType "swiss"]
[EventRounds "9"]
[EventCountry "TUR"]
[SourceTitle "CBM 214 Extra"]
[Source "ChessBase"]
[SourceDate "2023.07.31"]
[SourceVersion "1"]
[SourceVersionDate "2023.07.31"]
[SourceQuality "1"]

1. e4 c5 2. Nf3 d6 3. Bb5+ Nd7 4. 0-0 a6 5. Bd3 Ngf6 6. c3 e6 7. Bc2 b5 8. d4 Bb7 9. Re1 Be7 10. Nbd2 Qc7 11. Nf1 0-0 12. Ng3 cxd4 13. cxd4 Rfc8 14. Bd3 Bf8 15. Be3 g6 16. Qd2 Nb6 17. b3 b4 18. Rac1 Qd8 19. Bg5 Be7 20. Rxc8 Rxc8 21. Rc1 a5 22. Rxc8 Nxc8 23. Qc2 d5 24. e5 Nd7 25. Bxe7 Nxe7 26. h4 Qc8 27. Qxc8+ Bxc8 28. h5 Kg7 29. hxg6 hxg6 30. Ne2 Nb8 31. Ne1 Ba6 32. f4 Nf5 33. Bxa6 Nxa6 34. Kf2 Nc7 35. g4 Ne7 36. Nd3 g5 37. Ke3 gxf4+ 38. Kxf4 Kg6 39. Ne1 Nc6 40. Ng2 Nb5 41. Nh4+ Kh6 42. g5+ Kh5 43. Nf3 Nc3 44. Ng3+ Kg6 45. Nh4+ Kh7 46. g6+ fxg6 47. Nf3 Kg7 48. Ke3 Nxa2 49. Ng5 Nd8 50. Ne2 Kh6 51. Nf3 g5 52. Nh2 Kh5 53. Ng3+ Kg6 54. Ne2 Nc3 55. Nxc3 bxc3 56. Kd3 Kf5 57. Kxc3 Nc6 58. Kd3 Kf4 59. Nf1 g4 60. Ne3 Kf3 0-1

[Event "TUR-ch U20"]
[Site "Samsun"]
[Date "2023.05.20"]
[Round "2"]
[White "Saka, Omer"]
[Black "Duygulu, Ugur"]
[Result "1-0"]
[WhiteElo "1843"]
[BlackElo "1161"]
[PlyCount "111"]
[EventDate "2023.05.19"]
[EventType "swiss"]
[EventRounds "9"]
[EventCountry "TUR"]
[SourceTitle "CBM 214 Extra"]
[Source "ChessBase"]
[SourceDate "2023.07.31"]
[SourceVersion "1"]
[SourceVersionDate "2023.07.31"]
[SourceQuality "1"]

1. d4 d5 2. c4 e6 3. Nf3 Nf6 4. g3 Be7 5. Bg2 0-0 6. 0-0 b6 7. cxd5 exd5 8. Nc3 Bb7 9. Bf4 Nbd7 10. Ne5 Re8 11. Qb3 c6 12. e4 Nxe5 13. dxe5 Nxe4 14. Nxe4 dxe4 15. Bxe4 Bc5 16. Qf3 Qd7 17. g4 Qe6 18. Rfd1 Rad8 19. Rxd8 Rxd8 20. Rd1 Rxd1+ 21. Qxd1 Qxa2 22. Qc2 g6 23. Qd2 Qe6 24. h3 Be7 25. Bg3 Qc8 26. Qe2 Ba6 27. Qf3 Bb5 28. h4 Qe6 29. h5 Bg5 30. Qd1 Qc4 31. Bg2 Qe2 32. Qd7 gxh5 33. gxh5 Qxh5 34. Qe8+ Kg7 35. e6 Qd1+ 36. Kh2 Qh5+ 37. Kg1 Qd1+ 38. Kh2 Qh5+ 39. Bh3 Bf1 40. Be5+ Bf6 41. Bxf6+ Kxf6 42. Qxf7+ Qxf7 43. exf7 Kxf7 44. Bxf1 Kf6 45. Bd3 h6 46. Be4 c5 47. Bd3 h5 48. Kg3 Kg5 49. f4+ Kf6 50. Kh4 a5 51. b3 Ke6 52. Kg5 h4 53. f5+ Kf7 54. Bc4+ Ke7 55. f6+ Kf8 56. Kxh4 1-0

[Event "TUR-chT2"]
[Site "Konya"]
[Date "2017.07.15"]
[Round "9.18"]
[White "Saka, Omer"]
[Black "Kestel, Ahmet Arda"]
[Result "1-0"]
[WhiteElo "1448"]
[BlackElo "1573"]
[PlyCount "58"]
[EventDate "2017.07.09"]
[EventType "team-swiss"]
[EventRounds "9"]
[EventCountry "TUR"]
[SourceTitle "CBM 179 Extra"]
[Source "ChessBase"]
[SourceDate "2017.08.23"]
[SourceVersion "1"]
[SourceVersionDate "2017.08.23"]
[SourceQuality "1"]
[WhiteTeam "Atakum Belediye"]
[BlackTeam "Ozel Biltepe Osmaniye"]
[WhiteTeamCountry "TUR"]
[BlackTeamCountry "TUR"]

1. d4 d5 2. e3 Nf6 3. Nf3 e6 4. Bd3 Bd7 5. Nbd2 Bd6 6. c3 h6 7. 0-0 Na6 8. e4 dxe4 9. Nxe4 Bc6 10. Nxd6+ cxd6 11. Re1 Nc7 12. c4 0-0 13. Nd2 d5 14. c5 Bb5 15. Bc2 b6 16. a4 Bc6 17. b4 b5 18. a5 a6 19. Ra3 Ne4 20. Rh3 Qf6 21. Rf3 Qg6 22. Rg3 Qf6 23. Nxe4 dxe4 24. Qh5 g5 25. Bxg5 hxg5 26. Rxg5+ Qg6 27. Rxg6+ fxg6 28. Qxg6+ Kh8 29. Re3 Rf3 1-0